000 00453nab a2200145Ia 4500
003 ES-SlBCS
005 20210601141148.0
008 140529s1985 xxu||||| |||| 00| 0 spa d
041 _aspa
100 1 _aCorraliza Rodríguez, José Antonio
_945537
245 0 0 _aLos jóvenes, ¿víctimas o amenaza?
_c José Antonio Corraliza Rodríguez
650 0 4 _aJóvenes
_992373
773 0 _tDocumentacion Social
_gnº. 58, 1985, págs. 9-28
_wRev166
942 _cAR
999 _c656235
_d656235